[Event "III Open San Benedetto Martire"]
[Site "San Benedetto del Tronto ITA"]
[Date "2010.11.07"]
[Round "1"]
[White "Piergentili, Roberto"]
[Black "Di Donatantonio, Franco"]
[Result "0-1"]
[WhiteElo "1791"]
[BlackElo "2123"]
[PlyCount "80"]
[EventDate "2010.11.07"]

1. d4 d6 2. c4 Nf6 3. Nc3 Nbd7 4. e4 e5 5. d5 Be7 6. f3 O-O 7. Be3 c6 8. Qd2
Qc7 9. Bd3 a6 10. Nge2 Re8 11. O-O Nf8 12. b4 Bd7 13. Rfc1 Ng6 14. b5 c5 15.
Rcb1 h6 16. Rb2 Nh7 17. Rab1 Bg5 18. bxa6 bxa6 19. Rb7 Qd8 20. f4 exf4 21. Nxf4
Ne5 22. Be2 Bg4 23. h3 Bc8 24. R7b6 Qe7 25. Nh5 Nd7 26. R6b3 Qe5 27. Nf4 Nhf6
28. Bf3 Qe7 29. Nd3 Nh7 30. Re1 Ne5 31. Nxe5 Qxe5 32. Ne2 Bh4 33. Bf2 Bxf2+ 34.
Kxf2 Ng5 35. Nc1 Bxh3 36. gxh3 Qh2+ 37. Bg2 Rxe4 38. Rg3 Rxe1 39. Qxe1 f5 40.
Qh1 Ne4+ 0-1

[Event "III Open San Benedetto Martire"]
[Site "San Benedetto del Tronto ITA"]
[Date "2010.11.07"]
[Round "1"]
[White "Renzetti, Leonardo"]
[Black "Giobbi, Costantino"]
[Result "1/2-1/2"]
[WhiteElo "1548"]
[BlackElo "1916"]
[PlyCount "122"]
[EventDate "2010.11.07"]

1. d4 Nf6 2. Nf3 e6 3. Bf4 b6 4. h3 Bb7 5. e3 Be7 6. c3 O-O 7. Bd3 c5 8. Nbd2
d5 9. O-O Nc6 10. Ne5 Rc8 11. Ndf3 Ne4 12. Nxc6 Bxc6 13. Ba6 Ra8 14. Ne5 Be8
15. Bb7 Rb8 16. Nc6 Bxc6 17. Bxc6 Bd6 18. Bxd6 Qxd6 19. Ba4 b5 20. Bc2 f5 21.
Bxe4 fxe4 22. dxc5 Qxc5 23. Qd4 Qxd4 24. cxd4 Rfc8 25. Rac1 Rc4 26. Rc3 Rxc3
27. bxc3 Rc8 28. Rb1 Rxc3 29. Rxb5 Rc1+ 30. Kh2 Rc2 31. Rb8+ Kf7 32. Rb7+ Kf6
33. Rxa7 Rxf2 34. Kg3 Re2 35. Ra3 g5 36. Kh2 h5 37. Kg1 Kf5 38. Kf1 Rc2 39. Ra8
Rc1+ 40. Kf2 Rc2+ 41. Kf1 Rc3 42. Rf8+ Kg6 43. Rg8+ Kf6 44. Rh8 Rxe3 45. Rxh5
Rd3 46. Rh6+ Kf5 47. g4+ Kf4 48. Rxe6 Rxh3 49. Re5 Ra3 50. Rxd5 Rxa2 51. Rd8
Kxg4 52. Re8 Kf3 53. Rf8+ Ke3 54. d5 Ra1+ 55. Kg2 Rd1 56. Rf5 g4 57. Kg3 Rd4
58. Kxg4 Kd3 59. Kg3 e3 60. Re5 e2 61. Kf3 Kc4 1/2-1/2

[Event "III Open San Benedetto Martire"]
[Site "San Benedetto del Tronto ITA"]
[Date "2010.11.07"]
[Round "1"]
[White "Santinelli, Michele"]
[Black "Fioravanti, Emidio"]
[Result "1-0"]
[WhiteElo "1747"]
[BlackElo "1963"]
[PlyCount "85"]
[EventDate "2010.11.07"]

1. Nf3 Nf6 2. b3 c5 3. Bb2 d5 4. e3 Nc6 5. d4 cxd4 6. Nxd4 a6 7. Nd2 Nd7 8. c4
Nxd4 9. exd4 Nf6 10. Bd3 Bg4 11. Qc2 Rc8 12. O-O e6 13. c5 Be7 14. b4 O-O 15.
f4 g6 16. h3 Bf5 17. g4 Bxg4 18. hxg4 Nxg4 19. Rae1 Bh4 20. Re2 Bg3 21. Bc1 Qf6
22. Nf3 Bxf4 23. Ne5 Nxe5 24. Rxf4 Nf3+ 25. Kf1 Qg7 26. Rxf3 Qxd4 27. a3 Qg4
28. Ref2 e5 29. Be2 e4 30. Rf6 Qh3+ 31. Ke1 e3 32. Rf1 Qh4+ 33. Kd1 Qd4+ 34.
Qd3 Qa1 35. Qxe3 Rce8 36. Qf4 Re4 37. Qd2 Rd4 38. Bd3 Rh4 39. Kc2 Qa2+ 40. Bb2
d4 41. Qf2 Rh3 42. Qxd4 Rh2+ 43. R1f2 1-0

[Event "III Open San Benedetto Martire"]
[Site "San Benedetto del Tronto ITA"]
[Date "2010.11.07"]
[Round "1"]
[White "Spada, Angelo"]
[Black "Silvestri, Giorgio"]
[Result "1-0"]
[WhiteElo "2039"]
[BlackElo "1780"]
[PlyCount "75"]
[EventDate "2010.11.07"]

1. d4 Nf6 2. c4 g6 3. Nc3 Bg7 4. e4 d6 5. f3 O-O 6. Bg5 e5 7. dxe5 dxe5 8. Qxd8
Rxd8 9. Nd5 Nbd7 10. O-O-O Nxd5 11. Bxd8 Ne3 12. Re1 Bh6 13. Kb1 Nc5 14. Bxc7
Be6 15. b3 f6 16. Bd6 b6 17. Bxc5 bxc5 18. Ne2 Rd8 19. Nc3 Rd2 20. Nd5 Nxg2 21.
Bxg2 Bxd5 22. Bh3 Bc6 23. Rd1 Rd4 24. Rxd4 exd4 25. Be6+ Kf8 26. Kc2 Be3 27. a3
a5 28. Kd3 Ke7 29. Bg8 h6 30. Rb1 Kd6 31. b4 axb4 32. axb4 cxb4 33. Rxb4 Kc5
34. Rb8 f5 35. Bd5 Bd7 36. Rb7 fxe4+ 37. Kxe4 Bf5+ 38. Ke5 1-0

[Event "III Open San Benedetto Martire"]
[Site "San Benedetto del Tronto ITA"]
[Date "2010.11.07"]
[Round "1"]
[White "Viviani, Alessio"]
[Black "Di Giacobbe, Matteo"]
[Result "1/2-1/2"]
[WhiteElo "1958"]
[BlackElo "1720"]
[PlyCount "86"]
[EventDate "2010.11.07"]

1. d4 Nf6 2. c4 g6 3. Nf3 Bg7 4. g3 d5 5. cxd5 Nxd5 6. Bg2 O-O 7. O-O c6 8. b3
Nd7 9. e4 N5b6 10. Bb2 c5 11. Nc3 cxd4 12. Nxd4 a6 13. Rb1 e5 14. Nc2 Re8 15.
Ne3 Nf6 16. Qe2 Be6 17. Rfd1 Nfd7 18. Ncd5 Rc8 19. Nxb6 Qxb6 20. Nc4 Bxc4 21.
bxc4 Qc7 22. Bh3 Rcd8 23. Bxd7 Rxd7 24. Rxd7 Qxd7 25. Bc1 Rc8 26. Rb6 Rc6 27.
Rxc6 Qxc6 28. Qd3 Qc7 29. Qd5 h5 30. Be3 Bf8 31. a4 Bd6 32. a5 Qc6 33. Kf1 Bc7
34. Qxc6 bxc6 35. Bb6 Bd6 36. Ke2 f6 37. c5 Be7 38. f4 Kf7 39. fxe5 fxe5 40. h3
g5 41. g4 hxg4 42. hxg4 Ke6 43. Kd3 Kd7 1/2-1/2

[Event "III Open San Benedetto Martire"]
[Site "San Benedetto del Tronto ITA"]
[Date "2010.11.07"]
[Round "2"]
[White "Coccagna, Marcello"]
[Black "Piergentili, Roberto"]
[Result "0-1"]
[WhiteElo "1487"]
[BlackElo "1791"]
[PlyCount "84"]
[EventDate "2010.11.07"]

1. d4 d5 2. c4 c6 3. Bf4 Nf6 4. Nf3 e6 5. c5 Be7 6. e3 Nh5 7. Be5 f6 8. Nh4 g6
9. Bd6 Bxd6 10. cxd6 Qxd6 11. Be2 Ng7 12. Bg4 O-O 13. O-O Qe7 14. Nf3 f5 15.
Bh3 g5 16. g4 Nd7 17. Nc3 Qf6 18. Ne2 fxg4 19. Bxg4 h5 20. Ne5 hxg4 21. Nxg4
Qf3 22. Ng3 Qxd1 23. Raxd1 b6 24. f4 Ba6 25. Rf2 gxf4 26. exf4 Nf5 27. Nh5 Kf7
28. Rg2 Ke7 29. Ne5 Nxe5 30. fxe5 Rg8 31. Rdd2 Nh4 32. Rxg8 Rxg8+ 33. Kf2 Rg2+
34. Ke3 Rxd2 35. Kxd2 Nf3+ 36. Kc3 Nxh2 37. Nf4 Nf3 38. b4 Ng5 39. a4 Nh7 40.
Kc2 c5 41. b5 Bb7 42. dxc5 bxc5 0-1

[Event "III Open San Benedetto Martire"]
[Site "San Benedetto del Tronto ITA"]
[Date "2010.11.07"]
[Round "2"]
[White "Di Donatantonio, Franco"]
[Black "Pierantozzi, Stanislao"]
[Result "0-1"]
[WhiteElo "2123"]
[BlackElo "1944"]
[PlyCount "83"]
[EventDate "2010.11.07"]

1. e4 e5 2. Nf3 Nc6 3. d3 Bc5 4. Be2 Nf6 5. O-O d5 6. Nbd2 dxe4 7. dxe4 O-O 8.
c3 a6 9. Qc2 h6 10. Nc4 Qe7 11. b4 Ba7 12. a4 Re8 13. Ba3 b5 14. axb5 axb5 15.
Ncd2 Rb8 16. c4 Nd4 17. Nxd4 Bxd4 18. Ra2 Be6 19. Nb3 bxc4 20. Bxc4 Bxc4 21.
Qxc4 Nxe4 22. Rc2 Nd6 23. Qd3 Nb5 24. Na5 Qd6 25. Qh3 Nxa3 26. Qxa3 Rxb4 27.
Nc6 Rb6 28. Qxd6 cxd6 29. Nxd4 exd4 30. Rd2 Rb4 31. Rfd1 Ra8 32. Kf1 Raa4 33.
Ke2 Kf8 34. Kf3 Ke7 35. Re1+ Kd7 36. h3 Ra5 37. Rc1 Ke6 38. Rc8 Kd5 39. Rc7 Ke6
40. Ke4 Re5+ 41. Kd3 Rf5 42. Ra7 0-1

[Event "III Open San Benedetto Martire"]
[Site "San Benedetto del Tronto ITA"]
[Date "2010.11.07"]
[Round "2"]
[White "Di Giacobbe, Matteo"]
[Black "Okinczyc, Alessandro"]
[Result "1/2-1/2"]
[WhiteElo "1720"]
[BlackElo "1683"]
[PlyCount "66"]
[EventDate "2010.11.07"]

1. e4 c5 2. Nf3 Nc6 3. d4 cxd4 4. Nxd4 g6 5. Nc3 Bg7 6. Be3 Nf6 7. f3 O-O 8.
Qd2 d6 9. O-O-O Bd7 10. h4 a6 11. g4 Rc8 12. h5 Ne5 13. Kb1 Nc4 14. Bxc4 Rxc4
15. Nde2 Be6 16. Bh6 Qa5 17. Bxg7 Kxg7 18. hxg6 fxg6 19. Rh2 Bg8 20. a3 Kf7 21.
Rg2 Rfc8 22. f4 Nd7 23. Rc1 b5 24. Rcg1 Nc5 25. Qe3 Na4 26. Nxa4 bxa4 27. c3
Rb8 28. f5 Qc7 29. g5 e5 30. f6 Qb7 31. Ng3 Qc6 32. Rc2 Rc5 33. Rf1 Rb7 1/2-1/2

[Event "III Open San Benedetto Martire"]
[Site "San Benedetto del Tronto ITA"]
[Date "2010.11.07"]
[Round "2"]
[White "Di Martino, Antonio"]
[Black "Spada, Angelo"]
[Result "1-0"]
[WhiteElo "1890"]
[BlackElo "2039"]
[PlyCount "75"]
[EventDate "2010.11.07"]

1. e4 e5 2. Nf3 Nc6 3. Bb5 Bc5 4. O-O Nd4 5. Nxd4 Bxd4 6. c3 Bb6 7. d4 c6 8.
Ba4 d6 9. Be3 Qh4 10. Nd2 Nf6 11. f3 Be6 12. Bf2 Qh5 13. d5 Bd7 14. dxc6 bxc6
15. Bxb6 axb6 16. Nc4 b5 17. Nxd6+ Ke7 18. Bb3 Be6 19. Nb7 Ne8 20. Bxe6 fxe6
21. Rf2 Rf8 22. Rd2 Rf6 23. Rd8 Ra7 24. Qd7+ Kf8 25. Qxc6 Rxb7 26. Qxb7 Rh6 27.
h3 Qg5 28. Qc8 Qe3+ 29. Kf1 Rf6 30. Rxe8+ Kf7 31. Qd7+ Kg6 32. Rxe6 h5 33. Rd1
b4 34. Rxf6+ gxf6 35. Qf5+ Kh6 36. Qxf6+ Kh7 37. Rd7+ Kg8 38. Qg7# 1-0

[Event "III Open San Benedetto Martire"]
[Site "San Benedetto del Tronto ITA"]
[Date "2010.11.07"]
[Round "2"]
[White "Faini, Ivano"]
[Black "Silvestri, Giorgio"]
[Result "1-0"]
[WhiteElo "1674"]
[BlackElo "1780"]
[PlyCount "89"]
[EventDate "2010.11.07"]

1. c4 Nf6 2. g3 g6 3. Bg2 Bg7 4. e4 d6 5. h3 e5 6. Ne2 O-O 7. O-O Be6 8. d3 Qc8
9. Kh2 c6 10. Nbc3 Ne8 11. Qc2 f5 12. f4 Nd7 13. Be3 Bh6 14. b4 Ndf6 15. Qb3
fxe4 16. dxe4 b5 17. Qa3 Bxc4 18. Rad1 Nh5 19. Rf2 exf4 20. Nxf4 Nxf4 21. Bxf4
Bxf4 22. gxf4 Qd8 23. Qb2 Qh4 24. Qd2 a5 25. a3 axb4 26. axb4 Ra3 27. Kg1 Rb3
28. Re1 Qf6 29. Ne2 Rd3 30. Qc1 Nc7 31. f5 g5 32. Rd1 Rxd1+ 33. Qxd1 c5 34.
bxc5 dxc5 35. Qd7 Na6 36. Ng3 Qd8 37. Qc6 Rf6 38. Qb7 Qd1+ 39. Kh2 h5 40. e5
Rf7 41. Qxa6 Qd4 42. Qg6+ Rg7 43. Qe8+ Kh7 44. Ne4 Kh6 45. Qh8+ 1-0

[Event "III Open San Benedetto Martire"]
[Site "San Benedetto del Tronto ITA"]
[Date "2010.11.07"]
[Round "2"]
[White "Faini, Marco"]
[Black "Santinelli, Michele"]
[Result "1/2-1/2"]
[WhiteElo "1951"]
[BlackElo "1747"]
[PlyCount "64"]
[EventDate "2010.11.07"]

1. c4 e5 2. Nc3 Nf6 3. g3 c6 4. d4 exd4 5. Qxd4 Be7 6. Bg2 O-O 7. e4 d6 8. Nge2
Qc7 9. h3 Nbd7 10. f4 Re8 11. Be3 h6 12. Qd3 Nf8 13. Rd1 Ng6 14. b3 Bd7 15. O-O
Rad8 16. Bf2 b6 17. Nd4 Bf8 18. Rfe1 Bc8 19. Nf3 Bb7 20. Bd4 Ne7 21. Re2 a6 22.
Rde1 c5 23. Bf2 Ng6 24. Nd2 Kh8 25. Nf1 Ne7 26. Ne3 Kg8 27. a4 Bc6 28. Ned5
Nexd5 29. exd5 Ba8 30. g4 Rxe2 31. Rxe2 Re8 32. Bg3 Qd8 1/2-1/2

[Event "III Open San Benedetto Martire"]
[Site "San Benedetto del Tronto ITA"]
[Date "2010.11.07"]
[Round "2"]
[White "Fioravanti, Emidio"]
[Black "Renzetti, Leonardo"]
[Result "0-1"]
[WhiteElo "1963"]
[BlackElo "1548"]
[PlyCount "118"]
[EventDate "2010.11.07"]

1. e4 e6 2. d4 d5 3. exd5 exd5 4. Bd3 Nf6 5. Nf3 Be6 6. O-O Bd6 7. Bg5 h6 8.
Bh4 g5 9. Bg3 Nh5 10. Ne5 Nf4 11. Re1 h5 12. Bxf4 gxf4 13. Nc3 c6 14. Ng6 Rh6
15. Qf3 Qf6 16. Ne5 Nd7 17. Qe2 O-O-O 18. a4 Qg5 19. Kh1 Rg8 20. Rg1 Nxe5 21.
dxe5 Qxe5 22. f3 Qxe2 23. Nxe2 c5 24. c4 Rg5 25. Nc3 a6 26. cxd5 Bxd5 27. Ne4
Bxe4 28. Bxe4 Be5 29. a5 Rd6 30. Rad1 Bd4 31. Rge1 Re5 32. h3 Kc7 33. b3 Rde6
34. Rf1 b6 35. b4 f5 36. axb6+ Rxb6 37. bxc5 Bxc5 38. Bd3 a5 39. Rc1 a4 40. Rc4
a3 41. Ra1 Rb3 42. Bc2 Rbe3 43. Kh2 Re2 44. Bb3 Kb6 45. Rcc1 Rb2 46. Bf7 Ree2
47. Rxc5 Rxg2+ 48. Kh1 Kxc5 49. Rxa3 Rgc2 50. Ra1 Rh2+ 51. Kg1 Rxh3 52. Ra5+
Rb5 53. Ra4 Rxf3 54. Rc4+ Kb6 55. Bxh5 Rg3+ 56. Kf1 Rb1+ 57. Kf2 Rb2+ 58. Be2
Re3 59. Rxf4 Rexe2+ 0-1

[Event "III Open San Benedetto Martire"]
[Site "San Benedetto del Tronto ITA"]
[Date "2010.11.07"]
[Round "2"]
[White "Giobbi, Costantino"]
[Black "Viviani, Alessio"]
[Result "1-0"]
[WhiteElo "1916"]
[BlackElo "1958"]
[PlyCount "85"]
[EventDate "2010.11.07"]

1. d4 Nf6 2. c4 e5 3. e3 exd4 4. exd4 Bb4+ 5. Bd2 Bxd2+ 6. Nxd2 O-O 7. Be2 d5
8. Ngf3 Re8 9. O-O c6 10. h3 Nbd7 11. Re1 dxc4 12. Bxc4 Rxe1+ 13. Qxe1 Nb6 14.
Bb3 Nbd5 15. Nc4 h6 16. Qe5 Be6 17. Rd1 Qc7 18. Qxc7 Nxc7 19. Nfe5 Rd8 20. Na5
Bxb3 21. Nxb3 Ne6 22. Kf1 c5 23. g3 cxd4 24. Nf3 d3 25. Ne5 Rc8 26. Rxd3 b6 27.
Kg2 a5 28. a4 Nc5 29. Nxc5 Rxc5 30. Rd8+ Kh7 31. Nxf7 Rc2 32. Rd4 Rxb2 33. Nd6
Rb4 34. Rc4 Nd7 35. Rc7 Nc5 36. Nf5 Rxa4 37. Rxg7+ Kh8 38. Rg6 Rb4 39. Ne3 Kh7
40. Rc6 a4 41. Rc7+ Kh8 42. Nd5 Ne6 43. Rc8+ 1-0

[Event "III Open San Benedetto Martire"]
[Site "San Benedetto del Tronto ITA"]
[Date "2010.11.13"]
[Round "3"]
[White "D'Angelo, Angelo"]
[Black "Di Martino, Antonio"]
[Result "1-0"]
[WhiteElo "2217"]
[BlackElo "1890"]
[PlyCount "55"]
[EventDate "2010.11.07"]

1. e4 e6 2. d4 d5 3. Nd2 dxe4 4. Nxe4 Nd7 5. Nf3 Be7 6. Bd3 Ngf6 7. Nxf6+ Nxf6
8. Qe2 O-O 9. Bg5 h6 10. Be3 b6 11. Ne5 Bb7 12. O-O-O Qc8 13. Rhg1 c5 14. g4
cxd4 15. Bxd4 Nd5 16. Kb1 Nf4 17. Qe3 Nxd3 18. Rxd3 Bf6 19. Nd7 Bxd4 20. Rxd4
Rd8 21. Rgd1 Bd5 22. Ne5 Qc7 23. c4 Bb7 24. Rd7 Rxd7 25. Rxd7 Qc8 26. Rxf7 Ba6
27. Qe4 Qd8 28. Rxg7+ 1-0

[Event "III Open San Benedetto Martire"]
[Site "San Benedetto del Tronto ITA"]
[Date "2010.11.13"]
[Round "3"]
[White "Okinczyc, Alessandro"]
[Black "Di Donatantonio, Franco"]
[Result "0-1"]
[WhiteElo "1683"]
[BlackElo "2123"]
[PlyCount "56"]
[EventDate "2010.11.07"]

1. e4 d6 2. d4 Nf6 3. Nc3 Nbd7 4. Be2 e5 5. dxe5 dxe5 6. Bf3 c6 7. Be3 Be7 8.
Nge2 O-O 9. Qd2 Qc7 10. O-O b5 11. Rfd1 Nc5 12. Ng3 g6 13. Qe1 Re8 14. Rd2 h5
15. Bxc5 Bxc5 16. Nf1 Bg4 17. h3 Bxf3 18. gxf3 Nh7 19. Ne3 Qe7 20. Qf1 Ng5 21.
Kg2 Qf6 22. Qe2 Ne6 23. Kh1 Nd4 24. Qf1 Nxf3 25. Rd3 Rad8 26. Rad1 Rxd3 27.
Rxd3 Qf4 28. Ng2 Qh2# 0-1

[Event "III Open San Benedetto Martire"]
[Site "San Benedetto del Tronto ITA"]
[Date "2010.11.13"]
[Round "3"]
[White "Pierantozzi, Stanislao"]
[Black "Giobbi, Costantino"]
[Result "1/2-1/2"]
[WhiteElo "1944"]
[BlackElo "1916"]
[PlyCount "25"]
[EventDate "2010.11.07"]

1. d4 Nf6 2. c4 e6 3. Nf3 d5 4. Bg5 Be7 5. Nc3 O-O 6. e3 c6 7. Bd3 Nbd7 8. O-O
h6 9. Bf4 dxc4 10. Bxc4 b5 11. Bd3 b4 12. Ne4 Nd5 13. Be5 1/2-1/2

[Event "III Open San Benedetto Martire"]
[Site "San Benedetto del Tronto ITA"]
[Date "2010.11.13"]
[Round "3"]
[White "Piergentili, Roberto"]
[Black "Faini, Marco"]
[Result "0-1"]
[WhiteElo "1791"]
[BlackElo "1951"]
[PlyCount "62"]
[EventDate "2010.11.07"]

1. d4 d5 2. c4 e6 3. Nc3 Nf6 4. cxd5 exd5 5. Bg5 Nbd7 6. e3 Be7 7. Bd3 c6 8.
Qc2 O-O 9. Nge2 Re8 10. O-O Nf8 11. f3 c5 12. dxc5 Bxc5 13. Kh1 Be6 14. Bxf6
Qxf6 15. Nxd5 Bxd5 16. Qxc5 Bc6 17. e4 Rad8 18. Qc2 Rd7 19. Rad1 Red8 20. Bc4
Rxd1 21. Rxd1 Rxd1+ 22. Qxd1 Qxb2 23. h3 Bb5 24. Qd5 Bxc4 25. Qxc4 b5 26. Qd3
Qxa2 27. Qxb5 a5 28. Kh2 Qa1 29. Nf4 g6 30. Nd5 a4 31. Ne7+ Kg7 0-1

[Event "III Open San Benedetto Martire"]
[Site "San Benedetto del Tronto ITA"]
[Date "2010.11.13"]
[Round "3"]
[White "Santinelli, Michele"]
[Black "Renzetti, Leonardo"]
[Result "1-0"]
[WhiteElo "1747"]
[BlackElo "1548"]
[PlyCount "71"]
[EventDate "2010.11.07"]

1. d4 Nf6 2. c4 g6 3. Nc3 Bg7 4. e4 O-O 5. e5 Ne8 6. Be3 d6 7. f4 f5 8. Qd2 b6
9. Nf3 Na6 10. h4 h5 11. Ng5 Bh6 12. Nf3 c5 13. O-O-O Nac7 14. dxc5 bxc5 15.
Bxc5 Ne6 16. Be3 Ba6 17. g3 Rc8 18. Bxa7 Bxc4 19. Bxc4 Rxc4 20. Qd5 Rxc3+ 21.
bxc3 N8c7 22. Qb3 Qa8 23. Nd4 Qxa7 24. Nxe6 Qe3+ 25. Rd2 Nxe6 26. Qxe6+ Rf7 27.
Qxg6+ Bg7 28. Rhh2 Qxc3+ 29. Kd1 Qf3+ 30. Ke1 Qe3+ 31. Kf1 Qf3+ 32. Kg1 Qe3+
33. Rhf2 Kf8 34. Kg2 Qe4+ 35. Kh2 d5 36. Rb2 1-0

[Event "III Open San Benedetto Martire"]
[Site "San Benedetto del Tronto ITA"]
[Date "2010.11.13"]
[Round "3"]
[White "Silvestri, Giorgio"]
[Black "Fioravanti, Emidio"]
[Result "0-1"]
[WhiteElo "1780"]
[BlackElo "1963"]
[PlyCount "72"]
[EventDate "2010.11.07"]

1. d4 Nf6 2. c4 e6 3. Nf3 b6 4. e3 Bb7 5. Be2 Be7 6. O-O O-O 7. Nc3 d5 8. b3
Nbd7 9. Bb2 a6 10. Qc2 Rc8 11. cxd5 exd5 12. Rac1 c5 13. Bd3 Re8 14. Qb1 Bd6
15. Ne2 Nf8 16. Ng3 Ne4 17. Nf5 Nf6 18. Nxd6 Qxd6 19. dxc5 bxc5 20. Bf5 Rcd8
21. Qa1 d4 22. exd4 Bxf3 23. dxc5 Qf4 24. Bxf6 Qxf5 25. Bh4 Qg4 26. Bg3 Bc6 27.
Rc4 Qg6 28. h3 h5 29. a4 Re4 30. h4 Rxc4 31. bxc4 Qe4 32. f3 Qxc4 33. Bf2 Qxa4
34. Qe5 Rd5 35. Qb8 Qb5 36. Qf4 Ne6 0-1

[Event "III Open San Benedetto Martire"]
[Site "San Benedetto del Tronto ITA"]
[Date "2010.11.13"]
[Round "3"]
[White "Viviani, Alessio"]
[Black "Coccagna, Marcello"]
[Result "1-0"]
[WhiteElo "1958"]
[BlackElo "1487"]
[PlyCount "33"]
[EventDate "2010.11.07"]

1. e4 e5 2. Nf3 Nf6 3. Nxe5 Qe7 4. d4 d6 5. Nf3 Nxe4 6. Be2 Bg4 7. O-O g6 8.
Re1 Bg7 9. Nbd2 d5 10. c4 c6 11. cxd5 cxd5 12. Ne5 O-O 13. Nxg4 Bxd4 14. Nxe4
Qxe4 15. Bf3 Bxf2+ 16. Kxf2 Qf5 17. Nh6+ 1-0

[Event "III Open San Benedetto Martire"]
[Site "San Benedetto del Tronto ITA"]
[Date "2010.11.13"]
[Round "4"]
[White "Coccagna, Marcello"]
[Black "Silvestri, Giorgio"]
[Result "0-1"]
[WhiteElo "1487"]
[BlackElo "1780"]
[PlyCount "110"]
[EventDate "2010.11.07"]

1. d4 Nf6 2. c4 g6 3. Nc3 Bg7 4. e4 d6 5. Nf3 O-O 6. Bg5 c5 7. Be2 cxd4 8. Nxd4
h6 9. Be3 Nc6 10. a3 Bd7 11. b4 Rc8 12. O-O Ne5 13. Qb3 Neg4 14. Nd5 Nxe3 15.
Qxe3 Kh7 16. h3 Ne8 17. Rad1 e6 18. Nc3 a6 19. Qg3 g5 20. f4 gxf4 21. Qf3 Qb6
22. Qd3 e5 23. Nd5 Qxd4+ 24. Qxd4 exd4 25. Rxf4 Be6 26. Bd3 Be5 27. Rf3 f6 28.
Rdf1 Kg7 29. Ne7 Rc7 30. Nf5+ Bxf5 31. Rxf5 Kg6 32. h4 Ng7 33. R5f2 Ne6 34. Rf5
Nf4 35. R5xf4 Bxf4 36. Rxf4 Kf7 37. a4 a5 38. b5 Rc5 39. g4 h5 40. g5 Kg7 41.
g6 Re5 42. Rf2 Kxg6 43. Rg2+ Kf7 44. Kf2 Rg8 45. Kf3 Rxg2 46. Kxg2 f5 47. Kf3
b6 48. Kf4 Kf6 49. exf5 Re3 50. Be4 Rc3 51. Bf3 Rxc4 52. Bxh5 d3+ 53. Kg3 d2
54. Bf3 Rc3 55. Kf2 Rxf3+ 0-1

[Event "III Open San Benedetto Martire"]
[Site "San Benedetto del Tronto ITA"]
[Date "2010.11.13"]
[Round "4"]
[White "Di Donatantonio, Franco"]
[Black "Santinelli, Michele"]
[Result "1-0"]
[WhiteElo "2123"]
[BlackElo "1747"]
[PlyCount "43"]
[EventDate "2010.11.07"]

1. e4 e5 2. Nf3 Nc6 3. d3 d6 4. Be2 g6 5. O-O Bg7 6. Bg5 Nge7 7. c3 f5 8. exf5
Bxf5 9. Qb3 Qc8 10. d4 Be6 11. Bc4 d5 12. Bb5 e4 13. Bxe7 exf3 14. Bc5 fxg2 15.
Re1 Qd7 16. Nd2 O-O-O 17. Nf3 a6 18. Ng5 Bg8 19. Re7 Qf5 20. Bxc6 bxc6 21. Qa4
Kb7 22. Qa3 1-0

[Event "III Open San Benedetto Martire"]
[Site "San Benedetto del Tronto ITA"]
[Date "2010.11.13"]
[Round "4"]
[White "Fioravanti, Emidio"]
[Black "Okinczyc, Alessandro"]
[Result "1/2-1/2"]
[WhiteElo "1963"]
[BlackElo "1683"]
[PlyCount "130"]
[EventDate "2010.11.07"]

1. e4 c5 2. Nf3 d6 3. d4 cxd4 4. Nxd4 Nf6 5. Nc3 a6 6. Bc4 e6 7. Bb3 Be7 8. O-O
O-O 9. f3 Nc6 10. a3 Qc7 11. Be3 Rd8 12. Qe1 d5 13. Rd1 Nxd4 14. Bxd4 Bc5 15.
Qf2 Bxd4 16. Qxd4 Bd7 17. e5 Ne8 18. f4 Rac8 19. Kh1 Qc5 20. Qd3 g6 21. Rf3 Ng7
22. g4 Bc6 23. Qd4 Qxd4 24. Rxd4 h5 25. h3 hxg4 26. hxg4 Kf8 27. Kg1 Ke7 28.
Rh3 Rh8 29. Rdd3 f5 30. g5 Nh5 31. Rh4 Rcd8 32. Kf2 Rd7 33. Na4 Bxa4 34. Bxa4
b5 35. Bb3 Rc8 36. Kf3 a5 37. c3 b4 38. axb4 axb4 39. Rh2 bxc3 40. bxc3 Rb7 41.
Bd1 Rc4 42. Ke3 Re4+ 43. Kd2 Rb2+ 44. Bc2 Rxf4 45. Kc1 Rb6 46. Bd1 Ng7 47. Ra2
Rb7 48. Rd4 Re4 49. Rda4 Rc7 50. Ra7 Rec4 51. Rxc7+ Rxc7 52. Kd2 f4 53. Ra4 Nh5
54. Bxh5 gxh5 55. Rxf4 Rc4 56. Rf6 Rg4 57. g6 h4 58. Rf7+ Ke8 59. Rf6 h3 60.
Rxe6+ Kf8 61. Rf6+ Kg7 62. Rf3 Kxg6 63. Rxh3 Kf5 64. Rh5+ Ke6 65. Kd3 Re4
1/2-1/2

[Event "III Open San Benedetto Martire"]
[Site "San Benedetto del Tronto ITA"]
[Date "2010.11.13"]
[Round "4"]
[White "Giobbi, Costantino"]
[Black "Spada, Angelo"]
[Result "0-1"]
[WhiteElo "1916"]
[BlackElo "2039"]
[PlyCount "72"]
[EventDate "2010.11.07"]

1. e4 e6 2. d4 c5 3. Nf3 cxd4 4. Nxd4 a6 5. Be2 Nf6 6. Nc3 Bb4 7. Qd3 Qc7 8.
O-O Nc6 9. Nxc6 Qxc6 10. Bf3 Bxc3 11. bxc3 e5 12. Rd1 O-O 13. Ba3 Re8 14. g4 d5
15. g5 dxe4 16. Qd6 Qxc3 17. gxf6 Qxf3 18. Qxe5 Bh3 19. Qg3 Qxg3+ 20. hxg3 Rac8
21. Rab1 Bg4 22. Rdc1 b5 23. fxg7 Rc6 24. f4 exf3 25. Re1 Re2 26. Red1 Kxg7 27.
Rb4 Rg2+ 28. Kf1 Rxg3 29. Bb2+ Kg6 30. Rd8 h5 31. Rf4 f5 32. Rfd4 h4 33. R4d7
Bh3+ 34. Kf2 Rxc2+ 35. Ke3 f2+ 36. Kd4 Rc4+ 0-1

[Event "III Open San Benedetto Martire"]
[Site "San Benedetto del Tronto ITA"]
[Date "2010.11.13"]
[Round "4"]
[White "Pierantozzi, Stanislao"]
[Black "D'Angelo, Angelo"]
[Result "1/2-1/2"]
[WhiteElo "1944"]
[BlackElo "2217"]
[PlyCount "35"]
[EventDate "2010.11.07"]

1. d4 Nf6 2. c4 e6 3. Nf3 Bb4+ 4. Nc3 c5 5. e3 b6 6. Bd3 Bb7 7. O-O Bxc3 8.
bxc3 O-O 9. Ne5 d6 10. Nf3 Ne4 11. Qc2 f5 12. Nd2 Qh4 13. f4 Nxd2 14. Qxd2 Nd7
15. a4 Rf6 16. Qf2 Rg6 17. d5 Qxf2+ 18. Rxf2 1/2-1/2

[Event "III Open San Benedetto Martire"]
[Site "San Benedetto del Tronto ITA"]
[Date "2010.11.13"]
[Round "4"]
[White "Piergentili, Roberto"]
[Black "Viviani, Alessio"]
[Result "1/2-1/2"]
[WhiteElo "1791"]
[BlackElo "1958"]
[PlyCount "59"]
[EventDate "2010.11.07"]

1. d4 Nf6 2. c4 e5 3. dxe5 Ng4 4. Bf4 Nc6 5. Nf3 Bc5 6. e3 O-O 7. Be2 Qe7 8.
Qd5 Re8 9. a3 a5 10. Nc3 Ngxe5 11. Bg5 Nxf3+ 12. Bxf3 Qe5 13. Qxe5 Nxe5 14. Be2
c6 15. Na4 Bf8 16. Nb6 Rb8 17. O-O Ng6 18. Bd3 Bc5 19. Bxg6 Bxb6 20. Bf4 Ra8
21. Bh5 d5 22. cxd5 cxd5 23. Rfd1 Be6 24. Bf3 Red8 25. Be5 Rac8 26. Bd4 Bxd4
27. Rxd4 Rc2 28. e4 Rxb2 29. exd5 Bf5 30. d6 1/2-1/2

[Event "III Open San Benedetto Martire"]
[Site "San Benedetto del Tronto ITA"]
[Date "2010.11.13"]
[Round "4"]
[White "Renzetti, Leonardo"]
[Black "Di Martino, Antonio"]
[Result "0-1"]
[WhiteElo "1548"]
[BlackElo "1890"]
[PlyCount "32"]
[EventDate "2010.11.07"]

1. d4 d5 2. Nf3 Nf6 3. Bf4 e6 4. h3 Bd6 5. Ne5 O-O 6. e3 c5 7. c3 Nc6 8. Nd2
Qc7 9. Ndf3 Nd7 10. Nxd7 Bxd7 11. Bxd6 Qxd6 12. Bd3 cxd4 13. Nxd4 Nxd4 14. exd4
e5 15. Qh5 g6 16. Qxe5 Rfe8 0-1

[Event "III Open San Benedetto Martire"]
[Site "San Benedetto del Tronto ITA"]
[Date "2010.11.14"]
[Round "5"]
[White "D'Angelo, Angelo"]
[Black "Di Donatantonio, Franco"]
[Result "1/2-1/2"]
[WhiteElo "2217"]
[BlackElo "2123"]
[PlyCount "20"]
[EventDate "2010.11.07"]

1. e4 d6 2. d4 Nf6 3. Nc3 Nbd7 4. Nf3 e5 5. Bc4 Be7 6. O-O O-O 7. Re1 c6 8. a4
Qc7 9. Bg5 Re8 10. Qd2 Nf8 1/2-1/2